[Event "P-5076"]
[Site "IECC email"]
[Date "2017.12.11"]
[Round "?"]
[White "Evenson, Allen"]
[Black "Neumann, Frank Robert"]
[Result "1-0"]
[WhiteElo "1229"]
[BlackElo "1389"]
[PlyCount "25"]
[EventDate "2017.??.??"]
[EventType "tourn (corr)"]
[SourceTitle "Corr 2020"]
[Source "ChessBase"]
[SourceDate "2019.09.30"]
[SourceVersion "1"]
[SourceVersionDate "2019.09.30"]
[SourceQuality "1"]
[WhiteTeam "United States"]
[BlackTeam "Germany"]
[WhiteTeamCountry "USA"]
[BlackTeamCountry "GER"]

1. d4 Nf6 2. c4 e6 3. Nc3 Be7 4. e4 d6 5. Nf3 0-0 6. Bd3 Nc6 7. 0-0 b6 8. Qe2 Bb7 9. Rd1 Qd7 10. Bb1 Rfe8 11. e5 Ng4 12. Qd3 dxe5 13. Qxh7+ 1-0

[Event "P-5054"]
[Site "IECC email"]
[Date "2017.08.22"]
[Round "?"]
[White "Evenson, Allen"]
[Black "Wood, Evan"]
[Result "0-1"]
[WhiteElo "1252"]
[BlackElo "1100"]
[PlyCount "42"]
[EventDate "2017.??.??"]
[EventType "tourn (corr)"]
[SourceTitle "Corr 2020"]
[Source "ChessBase"]
[SourceDate "2019.09.30"]
[SourceVersion "1"]
[SourceVersionDate "2019.09.30"]
[SourceQuality "1"]
[WhiteTeam "United States"]
[BlackTeam "United States"]
[WhiteTeamCountry "USA"]
[BlackTeamCountry "USA"]

1. d4 d5 2. c4 c6 3. Nf3 Nf6 4. Nc3 e6 5. e3 Nbd7 6. Bd3 dxc4 7. Bxc4 b5 8. Bd3 Bb7 9. 0-0 a6 10. e4 c5 11. d5 Qc7 12. dxe6 fxe6 13. Bc2 Be7 14. Qe2 0-0 15. Ng5 Qc6 16. f4 h6 17. Nf3 Rad8 18. e5 Ne8 19. Qd3 Rf5 20. g4 Nxe5 21. Nxe5 Qg2# 0-1

[Event "IECC CL6-2015.07 email"]
[Site "IECC email"]
[Date "2015.10.29"]
[Round "?"]
[White "Evenson, Allen"]
[Black "Maksimov, Maxim Evgenyevich"]
[Result "1-0"]
[WhiteElo "1281"]
[BlackElo "1283"]
[PlyCount "71"]
[EventDate "2015.??.??"]
[EventType "tourn (corr)"]
[EventRounds "4"]
[SourceTitle "Corr 2020"]
[Source "ChessBase"]
[SourceDate "2019.09.30"]
[SourceVersion "1"]
[SourceVersionDate "2019.09.30"]
[SourceQuality "1"]
[WhiteTeam "United States"]
[BlackTeam "Russia"]
[WhiteTeamCountry "USA"]
[BlackTeamCountry "RUS"]

1. d4 d5 2. c4 e6 3. Nc3 Bb4 4. Nf3 Nc6 5. e3 Nf6 6. a3 Bxc3+ 7. bxc3 0-0 8. Be2 b6 9. 0-0 Bb7 10. cxd5 Qxd5 11. c4 Qd8 12. Bb2 Ne7 13. Bd3 Be4 14. Bxe4 Nxe4 15. a4 Re8 16. Qd3 Nc5 17. Qc2 Nd7 18. Ng5 Nf8 19. Rad1 Neg6 20. f4 Rc8 21. d5 Qe7 22. Qc3 f6 23. Nxe6 Nxe6 24. dxe6 c6 25. f5 Ne5 26. c5 Qc7 27. Rf4 Qe7 28. Ba3 Qc7 29. cxb6 Qxb6 30. Bd6 Rcd8 31. Rfd4 g6 32. fxg6 Nxg6 33. Rb4 Qa5 34. Qxf6 Ne5 35. Qg5+ Kh8 36. Bxe5+ 1-0

[Event "P-4974"]
[Site "IECC email"]
[Date "2015.07.04"]
[Round "?"]
[White "Evenson, Allen"]
[Black "Hutton, Andrew"]
[Result "0-1"]
[WhiteElo "1297"]
[BlackElo "1239"]
[PlyCount "82"]
[EventDate "2015.??.??"]
[EventType "tourn (corr)"]
[SourceTitle "Corr 2020"]
[Source "ChessBase"]
[SourceDate "2019.09.30"]
[SourceVersion "1"]
[SourceVersionDate "2019.09.30"]
[SourceQuality "1"]
[WhiteTeam "United States"]
[BlackTeam "Hong Kong"]
[WhiteTeamCountry "USA"]
[BlackTeamCountry "HKG"]

1. d4 Nf6 2. c4 e6 3. Nc3 Bb4 4. e3 c5 5. Bd3 Nc6 6. Nf3 0-0 7. 0-0 a6 8. Ne2 cxd4 9. exd4 d5 10. a3 Ba5 11. b4 Bb6 12. Bb2 Re8 13. Re1 a5 14. b5 Ne7 15. Qc2 dxc4 16. Bxc4 Ba7 17. Bb3 b6 18. d5 Nexd5 19. Rad1 Bb7 20. Bxf6 Qxf6 21. Rd4 Rac8 22. Bc4 Bb8 23. Rh4 g6 24. Qe4 Qe7 25. Qg4 f5 26. Qg5 Qf7 27. Ng3 Bd6 28. Nh5 Be7 29. Nf6+ Bxf6 30. Ne5 Bxg5 31. Nxf7 Bxh4 32. Nd6 Rxc4 33. Nxc4 Bf6 34. Nd6 Re7 35. h3 Bd4 36. g4 f4 37. h4 e5 38. h5 gxh5 39. Nf5 Rc7 40. gxh5 Bb2 41. Kg2 Ne3+ 0-1

[Event "IECC CL6-2015.01 email"]
[Site "IECC email"]
[Date "2015.01.31"]
[Round "?"]
[White "Maksimov, Maxim Evgenyevich"]
[Black "Evenson, Allen"]
[Result "0-1"]
[WhiteElo "1265"]
[BlackElo "1286"]
[PlyCount "78"]
[EventDate "2015.??.??"]
[EventType "tourn (corr)"]
[EventRounds "4"]
[SourceTitle "Corr 2020"]
[Source "ChessBase"]
[SourceDate "2019.09.30"]
[SourceVersion "1"]
[SourceVersionDate "2019.09.30"]
[SourceQuality "1"]
[WhiteTeam "Russia"]
[BlackTeam "United States"]
[WhiteTeamCountry "RUS"]
[BlackTeamCountry "USA"]

1. c4 e5 2. Nc3 Nc6 3. Nf3 Nf6 4. d4 exd4 5. Nxd4 Bb4 6. a3 Bxc3+ 7. bxc3 Ne5 8. e3 d6 9. Be2 c5 10. Nf3 0-0 11. Nxe5 dxe5 12. Qc2 e4 13. 0-0 Be6 14. Rd1 Qc8 15. Bf1 Qc7 16. f3 exf3 17. gxf3 Qe5 18. f4 Qh5 19. Rd2 Ng4 20. Rg2 a6 21. Be2 f5 22. Rb1 Qh4 23. Bd2 Rf6 24. Qd1 Rh6 25. Bxg4 fxg4 26. Be1 Qh5 27. Bg3 Bxc4 28. Rxb7 Bd5 29. Rbb2 Bxg2 30. Rxg2 Re8 31. Qd3 Rhe6 32. Re2 g6 33. c4 Qf5 34. Qc3 Qe4 35. Bf2 h6 36. Rd2 Qf3 37. Rd3 Rb8 38. Qc2 Reb6 39. Rd1 Qxd1+ 0-1

[Event "IECC CL6-2015.01 email"]
[Site "IECC email"]
[Date "2015.01.31"]
[Round "?"]
[White "Mathes, Christian"]
[Black "Evenson, Allen"]
[Result "1-0"]
[WhiteElo "1361"]
[BlackElo "1320"]
[PlyCount "49"]
[EventDate "2015.??.??"]
[EventType "tourn (corr)"]
[EventRounds "4"]
[SourceTitle "Corr 2020"]
[Source "ChessBase"]
[SourceDate "2019.09.30"]
[SourceVersion "1"]
[SourceVersionDate "2019.09.30"]
[SourceQuality "1"]
[WhiteTeam "Germany"]
[BlackTeam "United States"]
[WhiteTeamCountry "GER"]
[BlackTeamCountry "USA"]

1. Nf3 Nf6 2. c4 g6 3. b4 Bg7 4. Bb2 0-0 5. g3 d6 6. Bg2 e5 7. d3 Nh5 8. Nc3 f5 9. 0-0 Nc6 10. b5 Ne7 11. Qb3 Kh8 12. c5 dxc5 13. Na4 e4 14. dxe4 fxe4 15. Bxg7+ Nxg7 16. Ng5 Qe8 17. Nxc5 Nef5 18. Rfd1 Qe7 19. Ngxe4 b6 20. Qd5 Be6 21. Nxe6 Nxe6 22. Qe5+ Kg8 23. Nf6+ Kf7 24. Rd7 a6 25. Bd5 1-0

[Event "IECC 2014-1.12"]
[Site "IECC email"]
[Date "2014.01.05"]
[Round "?"]
[White "Evenson, Allen"]
[Black "Geib, Steven"]
[Result "0-1"]
[WhiteElo "1351"]
[BlackElo "1527"]
[PlyCount "42"]
[EventDate "2014.??.??"]
[EventType "tourn (corr)"]
[SourceTitle "Corr 2020"]
[Source "ChessBase"]
[SourceDate "2019.09.30"]
[SourceVersion "1"]
[SourceVersionDate "2019.09.30"]
[SourceQuality "1"]
[WhiteTeam "United States"]
[BlackTeam "United States"]
[WhiteTeamCountry "USA"]
[BlackTeamCountry "USA"]

1. d4 d5 2. c4 e6 3. Nc3 Be7 4. Nf3 Nf6 5. Bf4 0-0 6. e3 Nc6 7. Bd3 Nh5 8. 0-0 Nxf4 9. exf4 dxc4 10. Bxc4 Bf6 11. d5 Bxc3 12. dxc6 Bxb2 13. cxb7 Bxb7 14. Rb1 Qxd1 15. Rfxd1 Bxf3 16. gxf3 Ba3 17. Rd7 Bd6 18. Bd3 Bxf4 19. h4 Rfd8 20. Be4 Rxd7 21. Rb4 c5 0-1

[Event "IECC 2014-1.12"]
[Site "IECC email"]
[Date "2014.01.05"]
[Round "?"]
[White "Verenzuela, Jesus"]
[Black "Evenson, Allen"]
[Result "1-0"]
[WhiteElo "2102"]
[BlackElo "1332"]
[PlyCount "61"]
[EventDate "2014.??.??"]
[EventType "tourn (corr)"]
[SourceTitle "Corr 2020"]
[Source "ChessBase"]
[SourceDate "2019.09.30"]
[SourceVersion "1"]
[SourceVersionDate "2019.09.30"]
[SourceQuality "1"]
[WhiteTeam "Venezuela"]
[BlackTeam "United States"]
[WhiteTeamCountry "VEN"]
[BlackTeamCountry "USA"]

1. e4 c5 2. Nf3 d6 3. Bb5+ Bd7 4. Bxd7+ Qxd7 5. 0-0 Nc6 6. c3 Nf6 7. d4 Nxe4 8. d5 Ne5 9. Nxe5 dxe5 10. Re1 Nd6 11. Rxe5 g6 12. Re2 Bg7 13. Bg5 Nf5 14. Qd3 0-0 15. Na3 e6 16. Rd1 Rad8 17. Bxd8 Rxd8 18. Red2 Qa4 19. Qc4 Qxc4 20. Nxc4 exd5 21. Rxd5 Rxd5 22. Rxd5 b6 23. Rd8+ Bf8 24. a4 Kg7 25. Rd7 h5 26. Rxa7 Nd6 27. Nxb6 Ne4 28. a5 Nd6 29. Rd7 Kf6 30. a6 Nb5 31. c4 1-0

[Event "IECC CL6-2013.08 email"]
[Site "IECC email"]
[Date "2013.12.30"]
[Round "?"]
[White "Acosta, Errol Ian"]
[Black "Evenson, Allen"]
[Result "1-0"]
[WhiteElo "1307"]
[BlackElo "1322"]
[PlyCount "65"]
[EventDate "2013.??.??"]
[EventType "tourn (corr)"]
[EventRounds "4"]
[SourceTitle "Corr 2020"]
[Source "ChessBase"]
[SourceDate "2019.09.30"]
[SourceVersion "1"]
[SourceVersionDate "2019.09.30"]
[SourceQuality "1"]
[WhiteTeam "United States"]
[BlackTeam "United States"]
[WhiteTeamCountry "USA"]
[BlackTeamCountry "USA"]

1. e4 c5 2. f4 Nc6 3. Nc3 g6 4. Nf3 Bg7 5. Bc4 e6 6. 0-0 Nge7 7. a3 0-0 8. e5 d6 9. exd6 Qxd6 10. d3 a6 11. Ne4 Qc7 12. Nxc5 Nd4 13. Ne4 e5 14. fxe5 Bxe5 15. Nxe5 Qxe5 16. Bh6 Nef5 17. Bxf8 Ne3 18. Bxf7+ Kxf8 19. Qd2 Nxf1 20. Rxf1 Bf5 21. Bc4 Kg7 22. c3 Re8 23. cxd4 Qxd4+ 24. Kh1 Rxe4 25. Rxf5 gxf5 26. Qg5+ Kf8 27. Qxf5+ Ke7 28. Qxe4+ Qxe4 29. dxe4 Kd6 30. Bd5 b5 31. b4 Kc7 32. g4 Kd6 33. h4 1-0

[Event "IECC Swiss-563.3"]
[Site "IECC email"]
[Date "2013.06.18"]
[Round "?"]
[White "Pinkerton, Nick"]
[Black "Evenson, Allen"]
[Result "1/2-1/2"]
[WhiteElo "1905"]
[BlackElo "1292"]
[PlyCount "34"]
[EventDate "2013.??.??"]
[EventType "swiss (corr)"]
[EventRounds "1"]
[SourceTitle "Corr 2020"]
[Source "ChessBase"]
[SourceDate "2019.09.30"]
[SourceVersion "1"]
[SourceVersionDate "2019.09.30"]
[SourceQuality "1"]
[WhiteTeam "England"]
[BlackTeam "United States"]
[WhiteTeamCountry "ENG"]
[BlackTeamCountry "USA"]

1. g3 e5 2. c4 c6 3. d4 e4 4. Nc3 d5 5. cxd5 cxd5 6. Qb3 Nc6 7. Qxd5 Qxd5 8. Nxd5 Nxd4 9. Nc7+ Kd8 10. Nxa8 Nc2+ 11. Kd1 Nxa1 12. b3 b6 13. Bb2 Bb7 14. Bxa1 Bxa8 15. e3 Ne7 16. Ne2 Nd5 17. Nd4 a6 1/2-1/2

[Event "IECC KO-2118"]
[Site "IECC email"]
[Date "2013.01.31"]
[Round "?"]
[White "Evenson, Allen"]
[Black "Jewell, Barry"]
[Result "0-1"]
[WhiteElo "1290"]
[BlackElo "1560"]
[PlyCount "62"]
[EventDate "2012.??.??"]
[EventType "match (corr)"]
[EventRounds "2"]
[SourceTitle "Telechess CBM 165"]
[Source "ChessBase"]
[SourceDate "2015.03.11"]
[SourceVersion "1"]
[SourceVersionDate "2015.03.11"]
[SourceQuality "1"]
[WhiteTeam "US of America"]
[BlackTeam "Canada"]
[WhiteTeamCountry "USA"]
[BlackTeamCountry "CAN"]

1. d4 Nf6 2. Bg5 e6 3. e3 h6 4. Bh4 Be7 5. Nd2 c5 6. c3 d5 7. Ngf3 0-0 8. Bd3 Nc6 9. 0-0 Bd7 10. e4 dxe4 11. Bxf6 exd3 12. Be5 Nxe5 13. Nxe5 cxd4 14. cxd4 Rc8 15. Ndf3 Bc6 16. Qxd3 Bd5 17. b3 Bd6 18. Rae1 Bxe5 19. Nxe5 Bc6 20. Re3 Qd5 21. Rg3 Bb5 22. Qe3 Bxf1 23. Qxh6 Qxg2+ 24. Rxg2 Bxg2 25. Qh4 Bd5 26. Qf4 f6 27. Ng6 Kf7 28. Nxf8 Kxf8 29. h4 Kf7 30. h5 a6 31. Qg3 Rc1+ 0-1

[Event "IECC Swiss-563.1"]
[Site "IECC email"]
[Date "2012.07.22"]
[Round "?"]
[White "Evenson, Allen"]
[Black "Kirk, Matthew"]
[Result "1/2-1/2"]
[WhiteElo "1295"]
[BlackElo "1340"]
[PlyCount "49"]
[EventDate "2012.??.??"]
[EventType "swiss (corr)"]
[EventRounds "1"]
[SourceTitle "Telechess CBM 165"]
[Source "ChessBase"]
[SourceDate "2015.03.11"]
[SourceVersion "1"]
[SourceVersionDate "2015.03.11"]
[SourceQuality "1"]
[WhiteTeam "US of America"]
[BlackTeam "England"]
[WhiteTeamCountry "USA"]
[BlackTeamCountry "ENG"]

1. e4 g6 2. d4 Bg7 3. Nc3 d6 4. Be3 c6 5. Qd2 b5 6. Bd3 Nd7 7. Nf3 Ngf6 8. Bh6 0-0 9. Bxg7 Kxg7 10. e5 dxe5 11. dxe5 Ng4 12. Qf4 Ndxe5 13. Nxe5 Qd6 14. Ne4 Qxe5 15. Qxe5+ Nxe5 16. 0-0-0 Bf5 17. Rhe1 Rad8 18. Re3 Ng4 19. Re2 Bxe4 20. Bxe4 Rxd1+ 21. Kxd1 Rd8+ 22. Kc1 Rd6 23. h3 Nf6 24. f3 Nxe4 25. Rxe4 1/2-1/2

[Event "IECC CL6-2012.04 email"]
[Site "IECC email"]
[Date "2012.06.15"]
[Round "?"]
[White "Hutton, Andrew D"]
[Black "Evenson, Allen"]
[Result "0-1"]
[WhiteElo "1293"]
[BlackElo "1278"]
[PlyCount "48"]
[EventDate "2012.??.??"]
[EventType "tourn (corr)"]
[EventRounds "4"]
[SourceTitle "Telechess CBM 165"]
[Source "ChessBase"]
[SourceDate "2015.03.11"]
[SourceVersion "1"]
[SourceVersionDate "2015.03.11"]
[SourceQuality "1"]
[WhiteTeam "Hong Kong"]
[BlackTeam "US of America"]
[WhiteTeamCountry "HKG"]
[BlackTeamCountry "USA"]

1. e4 c5 2. Nc3 a6 3. Nf3 b5 4. Be2 Bb7 5. d3 Nc6 6. Qd2 e6 7. 0-0 Bd6 8. b3 Ne5 9. Bb2 Nf6 10. a3 Qc7 11. Nxe5 Bxe5 12. g3 0-0 13. Nd1 Bxb2 14. Nxb2 d5 15. f3 dxe4 16. fxe4 Qe5 17. c3 Rad8 18. Qc2 Nxe4 19. dxe4 Bxe4 20. Nd3 Bxd3 21. Bxd3 Qe3+ 22. Kh1 Rxd3 23. Rac1 Rd2 24. Qb1 Qe2 0-1

[Event "P-4750"]
[Site "IECC email"]
[Date "2012.04.19"]
[Round "?"]
[White "Evenson, Allen"]
[Black "Matthews, James"]
[Result "1/2-1/2"]
[WhiteElo "1223"]
[BlackElo "1290"]
[PlyCount "66"]
[EventDate "2012.??.??"]
[EventType "tourn (corr)"]
[SourceTitle "Telechess CBM 165"]
[Source "ChessBase"]
[SourceDate "2015.03.11"]
[SourceVersion "1"]
[SourceVersionDate "2015.03.11"]
[SourceQuality "1"]
[WhiteTeam "US of America"]
[BlackTeam "New Zealand"]
[WhiteTeamCountry "USA"]
[BlackTeamCountry "NZL"]

1. e4 c5 2. Nf3 d6 3. d4 cxd4 4. Nxd4 Nf6 5. Nc3 g6 6. Be3 Bg7 7. f3 0-0 8. Qd2 d5 9. e5 Ne8 10. f4 f6 11. Nf3 fxe5 12. Nxe5 Nc6 13. Nxd5 Nxe5 14. fxe5 e6 15. Nc3 Qxd2+ 16. Bxd2 Bxe5 17. 0-0-0 Nd6 18. Bd3 Bg7 19. g4 e5 20. Bg5 Bxg4 21. Rd2 Bf3 22. Re1 Nf5 23. Bc4+ Kh8 24. Bd3 Bc6 25. Be4 Nd4 26. Be7 Rf7 27. Bxc6 bxc6 28. Bd6 Rd8 29. Bxe5 Bxe5 30. Rxe5 c5 31. b3 Rf1+ 32. Kb2 Rc8 33. Rd1 Rxd1 1/2-1/2

[Event "IECC M1-2010.T014"]
[Site "IECC email"]
[Date "2010.02.11"]
[Round "?"]
[White "Evenson, Allen"]
[Black "Quinlan, John"]
[Result "1-0"]
[WhiteElo "1232"]
[BlackElo "1302"]
[PlyCount "83"]
[EventDate "2010.??.??"]
[EventType "match (corr)"]
[EventRounds "2"]
[SourceTitle "Telechess CBM 149"]
[Source "ChessBase"]
[SourceDate "2012.07.17"]
[SourceVersion "1"]
[SourceVersionDate "2012.07.17"]
[SourceQuality "1"]
[WhiteTeam "US of America"]
[BlackTeam "Australia"]
[WhiteTeamCountry "USA"]
[BlackTeamCountry "AUS"]

1. e4 e5 2. Nf3 Nc6 3. Bc4 Nf6 4. Nc3 h6 5. d3 Bc5 6. 0-0 d6 7. a3 Bg4 8. Be3 Bxe3 9. fxe3 h5 10. b4 Qd7 11. Bb5 h4 12. Nd5 0-0-0 13. Qe1 Bxf3 14. Rxf3 Ng4 15. h3 Nf6 16. Nxf6 gxf6 17. Rxf6 Rdg8 18. d4 Qxh3 19. Bf1 Qg4 20. Qf2 h3 21. Rxf7 Nd8 22. Rf3 hxg2 23. Bxg2 Ne6 24. Kf1 Rf8 25. d5 Ng5 26. Rxf8+ Rxf8 27. Qxf8+ Kd7 28. Qf5+ Qxf5+ 29. exf5 Ke7 30. Re1 Kf6 31. e4 a6 32. a4 Nf7 33. Re3 Nh6 34. Rc3 Ng4 35. Rxc7 Ne3+ 36. Kg1 Kg5 37. Rxb7 Nxg2 38. Kxg2 Kf4 39. f6 Kxe4 40. f7 Ke3 41. f8Q e4 42. Qf2# 1-0

[Event "IECC M1-2010.T014"]
[Site "IECC email"]
[Date "2010.02.11"]
[Round "?"]
[White "Quinlan, John"]
[Black "Evenson, Allen"]
[Result "0-1"]
[WhiteElo "1323"]
[BlackElo "1211"]
[PlyCount "78"]
[EventDate "2010.??.??"]
[EventType "match (corr)"]
[EventRounds "2"]
[SourceTitle "Telechess CBM 149"]
[Source "ChessBase"]
[SourceDate "2012.07.17"]
[SourceVersion "1"]
[SourceVersionDate "2012.07.17"]
[SourceQuality "1"]
[WhiteTeam "Australia"]
[BlackTeam "US of America"]
[WhiteTeamCountry "AUS"]
[BlackTeamCountry "USA"]

1. e4 e5 2. Nf3 Nc6 3. Bb5 a6 4. Ba4 Nf6 5. 0-0 Bc5 6. d3 d6 7. Bg5 Bg4 8. Bxc6+ bxc6 9. Nc3 0-0 10. h3 Be6 11. Qd2 d5 12. Nxe5 Bd7 13. exd5 Bd4 14. Bxf6 gxf6 15. Nxd7 Qxd7 16. dxc6 Qxc6 17. Ne4 Bxb2 18. Rae1 Rae8 19. c3 f5 20. Ng3 Bxc3 21. Qg5+ Qg6 22. Qxg6+ hxg6 23. Rc1 Be5 24. f4 Bd4+ 25. Kh1 Re3 26. Rf3 Rxf3 27. gxf3 c5 28. h4 Be3 29. Rxc5 Bxc5 30. Kh2 Rb8 31. Kg2 Rb2+ 32. Kf1 Rxa2 33. Ke1 a5 34. Ne2 Bb4+ 35. Kf1 a4 36. Nd4 a3 37. Nb5 Ra1+ 38. Ke2 a2 39. Nd4 Re1+ 0-1

[Event "Swiss-549.1.07"]
[Site "IECC email"]
[Date "2010.02.08"]
[Round "?"]
[White "Urbaniak, Marcin"]
[Black "Evenson, Allen"]
[Result "1-0"]
[WhiteElo "1627"]
[BlackElo "1220"]
[PlyCount "47"]
[EventDate "2010.??.??"]
[EventType "tourn (corr)"]
[SourceTitle "Telechess CBM 149"]
[Source "ChessBase"]
[SourceDate "2012.07.17"]
[SourceVersion "1"]
[SourceVersionDate "2012.07.17"]
[SourceQuality "1"]
[WhiteTeam "Poland"]
[BlackTeam "US of America"]
[WhiteTeamCountry "POL"]
[BlackTeamCountry "USA"]

1. e4 e5 2. Nf3 Nc6 3. Bb5 a6 4. Ba4 Nf6 5. 0-0 b5 6. Bb3 Bc5 7. Nxe5 Nxe5 8. d4 Bxd4 9. Qxd4 d6 10. f4 Nc6 11. Qc3 0-0 12. Qxc6 Bg4 13. h3 Bd7 14. Qb7 c6 15. Nc3 Re8 16. Re1 a5 17. e5 dxe5 18. fxe5 Nh5 19. g4 Nf4 20. Bxf4 a4 21. Bxf7+ Kxf7 22. Rad1 Ke6 23. Rd6+ Ke7 24. Bg5+ 1-0

[Event "IECC KO email"]
[Site "IECC email"]
[Date "2002.12.12"]
[Round "?"]
[White "Tarzia, Paolo"]
[Black "Evenson, Allen"]
[Result "1-0"]
[WhiteElo "1493"]
[BlackElo "1288"]
[PlyCount "23"]
[EventDate "2002.??.??"]
[EventType "tourn (corr)"]
[EventRounds "6"]
[SourceTitle "Corr 2008"]
[Source "ChessBase"]
[SourceDate "2008.06.24"]
[SourceVersion "1"]
[SourceVersionDate "2008.06.24"]
[SourceQuality "1"]

1. e4 e5 2. Nf3 Nc6 3. Bb5 a6 4. Ba4 b5 5. Bb3 Na5 6. 0-0 Nf6 7. Nxe5 Nxb3 8. axb3 Qe7 9. d4 Nxe4 10. Re1 Qh4 11. Qf3 Bb7 12. Qxf7+ 1-0

[Event "IECC CL6-2002.34"]
[Site "IECC email"]
[Date "2002.11.19"]
[Round "?"]
[White "Evenson, Allen"]
[Black "Bottoni, Carlo"]
[Result "1/2-1/2"]
[WhiteElo "1237"]
[BlackElo "1068"]
[PlyCount "81"]
[EventDate "2002.??.??"]
[EventType "tourn (corr)"]
[EventRounds "4"]
[SourceTitle "Corr 2008"]
[Source "ChessBase"]
[SourceDate "2008.06.24"]
[SourceVersion "1"]
[SourceVersionDate "2008.06.24"]
[SourceQuality "1"]

1. e4 e5 2. Nf3 Nc6 3. d4 exd4 4. Nxd4 Bc5 5. Be3 Qf6 6. c3 Nge7 7. Bc4 Bb6 8. 0-0 0-0 9. Na3 Qg6 10. Bd3 Ne5 11. Nc4 Nxd3 12. Qxd3 Bxd4 13. Bxd4 d5 14. Ne5 Qxe4 15. Qxe4 dxe4 16. Rae1 f5 17. f3 Re8 18. fxe4 Be6 19. b3 b6 20. exf5 Nxf5 21. h3 Nxd4 22. cxd4 Rad8 23. Nc6 Rd6 24. Nxa7 Rxd4 25. Nb5 Rd7 26. Rf4 Bf7 27. Rc1 c5 28. Nc3 Bg6 29. Na4 Re6 30. b4 Rd4 31. Rcf1 Rxf4 32. Rxf4 Rc6 33. bxc5 b5 34. Nb2 Rxc5 35. a4 Be8 36. axb5 Rxb5 37. Nc4 Rd5 38. Kf2 Bg6 39. Nb6 Rd2+ 40. Kg3 Rd3+ 41. Kh2 1/2-1/2

[Event "IECC CL5-2001.25"]
[Site "IECC email"]
[Date "2001.08.18"]
[Round "?"]
[White "Cornell, David"]
[Black "Evenson, Allen"]
[Result "1-0"]
[WhiteElo "1560"]
[BlackElo "1404"]
[PlyCount "47"]
[EventDate "2001.??.??"]
[EventType "tourn (corr)"]
[EventRounds "4"]
[SourceTitle "Corr 2008"]
[Source "ChessBase"]
[SourceDate "2008.06.24"]
[SourceVersion "1"]
[SourceVersionDate "2008.06.24"]
[SourceQuality "1"]

1. d4 Nf6 2. Nf3 e6 3. Bg5 c5 4. c3 Qb6 5. Qc2 Be7 6. e4 d5 7. e5 Ng8 8. Bxe7 Nxe7 9. dxc5 Qxc5 10. Bd3 h6 11. 0-0 Nbc6 12. Nbd2 Nf5 13. Nb3 Qb6 14. Rad1 f6 15. exf6 gxf6 16. Bxf5 exf5 17. Rxd5 Bd7 18. Re1+ Ne7 19. Nfd4 Kd8 20. Ne6+ Kc8 21. Rc5+ Bc6 22. Qd3 Qa6 23. Qd6 Nd5 24. Qxd5 1-0